| 000 | 01041cab a2200385 4500 | ||
|---|---|---|---|
| 001 | ABS53218 | ||
| 008 | 090401t1995 xxu||||| |||| 00| 0 eng d | ||
| 035 | _a(Sirsi) u2705 | ||
| 041 | _aeng | ||
| 245 | _aEstates Times Review: London | ||
| 260 | _c1995 | ||
| 350 | _a0 | ||
| 490 |
_aEstates Times _v(1289) 28 July 1995 1-50 (LOAN) |
||
| 650 | _aBRADMAN GODFREY | ||
| 650 | _aCITY OF LONDON | ||
| 650 | _aCITY PRIDE | ||
| 650 | _aDESMOND DANNY | ||
| 650 | _aDOCKLANDS | ||
| 650 | _aEAST THAMES CORRIDOR | ||
| 650 | _aEUROPEAN LAND AND PROPERTY | ||
| 650 | _aINVESTMENT | ||
| 650 | _aLDDC | ||
| 650 | _aLONDON | ||
| 650 | _aRPG3: STRATEGIC GUIDANCE FOR LONDON PLANNING AUTHORITIES | ||
| 650 | _aSOUTH BANK OF LONDON | ||
| 650 | _aSPECULATIVE DEVELOPMENT | ||
| 650 | _aSPONSORSHIP | ||
| 650 | _aTRANSPORT | ||
| 650 | _aUNDERGROUND STATIONS | ||
| 650 | _aWEST END OF LONDON | ||
| 650 | _aWHITE CITY | ||
| 690 | _aPROPERTY-COMMERCIAL PROPERTY-COMMERCIAL PROPERTY MARKET | ||
| 942 | _n0 | ||
| 948 | _c04/03/1997 | ||
| 999 |
_c1632 _d1632 |
||